Meatless days (Record no. 324262)
[ view plain ]
| 000 -LEADER | |
|---|---|
| fixed length control field | 00338 a2200133 4500 |
| 001 - CONTROL NUMBER | |
| control field | 89189 |
| 082 ## - DEWEY DECIMAL CLASSIFICATION NUMBER | |
| Classification number | 954.91046092 SUL |
| 090 ## - LOCALLY ASSIGNED LC-TYPE CALL NUMBER (OCLC); LOCAL CALL NUMBER (RLIN) | |
| -- | 42139 |
| -- | 42139 |
| 100 ## - MAIN ENTRY--PERSONAL NAME | |
| Personal name | Suleri, Sara |
| 245 ## - TITLE STATEMENT | |
| Title | Meatless days |
| Statement of responsibility, etc. | Sara Suleri |
| 260 ## - PUBLICATION, DISTRIBUTION, ETC. | |
| Place of publication, distribution, etc. | Lahore |
| Name of publisher, distributor, etc. | ILQA Publications |
| Date of publication, distribution, etc. | 2014 |
| 300 ## - PHYSICAL DESCRIPTION | |
| Extent | 186 p. |
| Other physical details | Pb |
| 740 ## - ADDED ENTRY--UNCONTROLLED RELATED/ANALYTICAL TITLE | |
| Uncontrolled related/analytical title | excellent things in women |
| 942 ## - ADDED ENTRY ELEMENTS (KOHA) | |
| Institution code [OBSOLETE] | CAE NUST |
| Call number prefix | 954.91046092 SUL |
| Withdrawn status | Lost status | Damaged status | Not for loan | Collection code | Permanent Location | Current Location | Date acquired | Total Checkouts | Full call number | Barcode | Date last seen | Price effective from | Koha item type |
|---|---|---|---|---|---|---|---|---|---|---|---|---|---|
| College of Aeronautical Engineering (CAE) | College of Aeronautical Engineering (CAE) | 04/03/2017 | 954.91046092 SUL | CAE86072 | 04/05/2017 | 04/05/2017 | Book |
